Budoucnost network marketingu v Evropě
Guardado en:
| Autor principal: | |
|---|---|
| Otros Autores: | |
| Formato: | Libro |
| Lenguaje: | checo |
| Publicado: |
Brno
Nakladatelství Jiří Alman
1998
|
| Materias: | |
| Etiquetas: |
Sin Etiquetas, Sea el primero en etiquetar este registro!
|
MARC
| LEADER | 00000nam a2200000 4500 | ||
|---|---|---|---|
| 001 | c123153 | ||
| 005 | 20221109093222.9 | ||
| 020 | |a 80-86135-02-0 | ||
| 041 | 0 | |a cze | |
| 044 | |a CZ | ||
| 245 | 1 | 0 | |a Budoucnost network marketingu v Evropě |c Paul Dewandre, Corinne Mahieu |
| 264 | 1 | |a Brno |b Nakladatelství Jiří Alman |c 1998 | |
| 300 | |a 105 s. | ||
| 610 | 2 | 0 | |a marketing |
| 610 | 2 | 0 | |a marketing sieťový |
| 610 | 2 | 0 | |a predaj |
| 610 | 2 | 0 | |a obchod elektronický |
| 610 | 2 | 0 | |a distribúcia |
| 610 | 2 | 0 | |a nákup |
| 610 | 2 | 0 | |a franšíza |
| 610 | 2 | 0 | |a etika |
| 610 | 2 | 0 | |a inovácia |
| 610 | 2 | 0 | |a psychológia predaja |
| 610 | 2 | 0 | |a psychológia trhu |
| 610 | 2 | 0 | |a zamestnanci |
| 610 | 2 | 0 | |a zamestnanie |
| 610 | 2 | 0 | |a zamestnávatelia |
| 610 | 2 | 0 | |a MLM |
| 100 | 1 | |a Dewandre, Paul | |
| 700 | 1 | |a Mahieu, Corinne | |